Parallel convergence : national strategies in information technology
Guardat en:
| Autor principal: | |
|---|---|
| Format: | Llibre |
| Idioma: | Undetermined |
| Publicat: |
Westport, Conn. :
Quorum Books,
1986
|
| Matèries: | |
| Etiquetes: |
Afegir etiqueta
Sense etiquetes, Sigues el primer a etiquetar aquest registre!
|
| Thư viện lưu trữ: | Trung tâm Học liệu Trường Đại học Cần Thơ |
|---|
| LEADER | 00618nam a2200205Ia 4500 | ||
|---|---|---|---|
| 001 | CTU_87159 | ||
| 008 | 210402s9999 xx 000 0 und d | ||
| 082 | |a 338.4762 | ||
| 082 | |b A752 | ||
| 100 | |a Erik Arnold | ||
| 245 | 0 | |a Parallel convergence : | |
| 245 | 0 | |b national strategies in information technology | |
| 245 | 0 | |c Erik Arnold and Ken Guy. | |
| 260 | |a Westport, Conn. : | ||
| 260 | |b Quorum Books, | ||
| 260 | |c 1986 | ||
| 650 | |a computer industry,information technology | ||
| 650 | |x government policy.,government policy. | ||
| 904 | |i Năm | ||
| 980 | |a Trung tâm Học liệu Trường Đại học Cần Thơ | ||